Villes de France par des images insolites #2 - Statistiques

Statistiques générales
  • Ce quiz a été pris 264 fois
  • Le résultat moyen est 8 sur 15
Statistiques - réponses
Par images Réponse % Correct
Troyes
97%
Cannes
82%
Menton
82%
Foix
76%
Dijon
68%
Bordeaux
67%
Laval
59%
Colombes
58%
Metz
50%
Thiers
41%
Lorient
38%
Lourdes
26%
Saint-Quentin
17%
Laon
14%
Hyères
10%
Aucun quiz correspondant
Distribution des résultats
% des personnes avec chaque résultat
Percentile par nombre de réponses
Votre historique - résultats
Vous n’avez pas pris ce quiz